Historia de la literatura española: desde los orígenes hasta el año 1900

Gespeichert in:
Bibliographische Detailangaben
1. Verfasser: Fitzmaurice-Kelly, Jaime (VerfasserIn)
Format: Buch
Sprache:Spanisch
Veröffentlicht: Madrid La España Moderna 1901
Schriftenreihe:Biblioteca de Jurisprudencia, Filosofía e Historia
Schlagworte:
Tags: Tag hinzufügen
Keine Tags, Fügen Sie den ersten Tag hinzu!

MARC

LEADER 00000nam a2200000 a 4500
001 UCT7326
003 CL-VaPUC
008 970117e19010000SP |||||||||||||||||spa|d
082 0 4 |a 860.9  |b FIT  |2 21 
100 0 |a Fitzmaurice-Kelly, Jaime  |e author  |9 378278 
245 1 0 |a Historia de la literatura española: desde los orígenes hasta el año 1900 
300 |a 613 p 
942 |c BK 
945 |d 19970117 00:00:00  |a rleighto 
260 |a Madrid  |b La España Moderna  |c 1901 
650 0 |a Literatura española  |9 306261 
650 0 |a Historia y crítica   |9 257407 
650 0 |a Crítica literaria   |9 269189 
650 7 |a SIGLOS 15-19  |2 CL-VaPUC  |9 378279 
583 |a last modification  |c 19970117 00:00:00  |k Rodrigo Vera 
490 0 |a Biblioteca de Jurisprudencia, Filosofía e Historia 
999 |c 255956  |d 255954 
952 |0 0  |1 0  |4 0  |6 860_900000000000000_FIT_1901  |7 0  |8 A  |9 278457  |a BIBEDU  |b BIBEDU  |d 2019-11-19  |i 3272095  |o 860.9 FIT 1901  |p 3272095  |r 2019-11-19  |w 2019-11-19  |y BK  |k LIT